| 000 | 00851nam a22002292 4500 | ||
|---|---|---|---|
| 001 | 0000007533 | ||
| 005 | 20151217152031.0 | ||
| 008 | 080213s xx 000 0 eng d | ||
| 020 |
_a0821358081 : _cKES |
||
| 040 |
_aKABU _cKABU |
||
| 100 | 1 |
_aGray, Cheryl. _@0000158800 |
|
| 245 | 1 | 0 |
_aAnticorruption in transition 2 : _bcorruption in enterprise-state interactions in Europe and Central Asia 1999-2002 / _cCheryl Gray, Joel Hellman, Randi Ryterman. |
| 260 |
_aWashington, D . C. : _bWorld Bank, _c2004. |
||
| 300 | _axv, 81 p. | ||
| 650 | 0 |
_aPolitical corruption _zEurope, Eastern. _@0000157222 |
|
| 650 | 0 |
_aPolitical corruption _zFormer Soviet republics. _@0000157223 |
|
| 700 | 1 |
_aHellman, Joel. _@0000158801 |
|
| 700 | 1 |
_aRyterman, Randi. _@0000158802 |
|
| 908 | _a080213 | ||
| 950 | _@1 | ||
| 999 |
_c7522 _d7522 |
||